| 000 | 00673nam a2200253Ia 4500 | ||
|---|---|---|---|
| 001 | 1945 | ||
| 005 | 20240113233522.0 | ||
| 007 | ta | ||
| 008 | 050218s1988 a g b000 u eng u | ||
| 040 | _aCotton College,Assam | ||
| 041 | _aeng | ||
| 082 |
_a574 _bR 16 D |
||
| 100 | _aRani, Reeta . | ||
| 245 | 0 |
_aDictionary of Biology / _cReeta Rani. _hTextual Documents |
|
| 250 | _a1st ed. / | ||
| 260 |
_aNew Delhi : _bAnmol Publications , _c1988. |
||
| 300 |
_a360p. : _bill ; _c22cm . |
||
| 653 | _aDictionary-Biology | ||
| 653 | _aBiology-Dictionaries | ||
| 653 | _aReference-Dictionaries | ||
| 942 |
_2ddc _cBK |
||
| 999 |
_c1938 _d1938 |
||